MARC

LEADER 00000nam0a2200000 4500
001 255600
005 20231101233035.0
010 |a 5288002614 
035 |a (RuTPU)RU\TPU\book\278116 
090 |a 255600 
100 |a 20140331d1989 k y0rusy50 ca 
101 0 |a rus 
102 |a RU 
105 |a y z 001zy 
200 1 |a Философия действия в США: От Эмерсона до Дьюи  |f И. Н. Сидоров  |g Ленинградский государственный университет (ЛГУ) 
210 |a Ленинград  |c Изд-во Ленинградского ун-та  |d 1989 
215 |a 148 с. 
320 |a Библиогр. в примеч. 
606 1 |a Американская философия  |x США  |2 stltpush  |3 (RuTPU)RU\TPU\subj\28890  |9 52352 
610 1 |a 19 век 
610 1 |a 19 век 
610 1 |a 20 век 
610 1 |a прагматизм 
610 1 |a идеализм 
610 1 |a трансцендентализм 
686 |a Ю3(7США)  |v LBC/SL-A  |2 rubbk 
700 1 |a Сидоров  |b И. Н.  |g Игорь Николаевич 
712 0 2 |a Ленинградский государственный университет (ЛГУ)  |c (1924-1991)  |2 stltpush  |3 (RuTPU)RU\TPU\col\77 
801 1 |a RU  |b 63413507  |c 20140331 
801 2 |a RU  |b 63413507  |c 20140515  |g RCR 
942 |c BK